[Event "34th Olympiad"]
[Site "Istanbul TUR"]
[Date "2000.10.31"]
[Round "4"]
[White "Munoz Sotomayor,H"]
[Black "Kadhi,H"]
[Result "0-1"]
[WhiteElo "2322"]
[BlackElo "2335"]

1.c4 c6 2.Nc3 d5 3.d4 dxc4 4.a4 e5 5.e3 exd4 6.exd4 Be6 7.Nf3 Nf6 8.Ne5 c5
9.dxc5 Qxd1+ 10.Nxd1 Nbd7 11.Nxc4 Nxc5 12.Ra3 Nce4 13.Rb3 a5 14.f3 Nc5 15.Ra3 Na6
16.Ra1 Bb4+ 17.Bd2 O-O 18.Bxb4 Nxb4 19.Nde3 Nfd5 20.Kf2 Nxe3 21.Nxe3 Rfd8
22.Rd1 Bb3 23.Rxd8+ Rxd8 24.Bb5 Rd2+ 25.Kg3 Rxb2 26.Rc1 g6 27.Rc7 Nd5 28.Nxd5 Bxd5
29.Rd7 Bb3 30.h4 Kg7 31.Rc7 b6 32.Rb7 Kh6 33.Be8 Bd5 34.Rb8 Rb4 35.Bb5 Bb3
36.Kh3 Bxa4 37.Bxa4 Rxa4 38.Rxb6 Ra3 39.Rb7 Kg7 40.Rb6 h5 41.Ra6 a4 42.Kg3 Ra2
43.Kf4 a3 44.g3 Ra1 45.Ra7 a2 46.Ra6 f6 47.Ra8 Kf7 48.Ra6 Ke7 49.Ra8 Kd6
50.Rd8+ Kc5 51.Rc8+ Kd4 52.Rd8+ Kc4 53.Rc8+ Kd3 54.Rd8+ Ke2 55.Re8+ Kf2 56.Ra8 Kg2
57.Ra3 Kh3 58.Ra5 Rb1 59.Rxa2 Rb4+ 60.Ke3 Kxg3 61.Ra1 Rb3+ 62.Ke2 Kg2 63.f4 Rf3
64.Ra4 Kg3 65.Ra1 Kxf4 66.Rg1 Rg3 67.Rf1+ Kg4 68.Rxf6 Kxh4 69.Kf2 Rg5 70.Ra6 Kh3
71.Ra4 Rg4 72.Ra1 Kh2 73.Kf3 g5 74.Ra2+ Kh3 75.Ra1 Rf4+ 76.Ke3 Kg4 77.Rg1+ Kf5
78.Rh1 h4 79.Rh2 Ke5  0-1

[Event "34th Olympiad"]
[Site "Istanbul TUR"]
[Date "2000.11.01"]
[Round "5"]
[White "Patriarca,L"]
[Black "Green,P"]
[Result "1-0"]
[WhiteElo "2307"]
[BlackElo "2239"]

1.c4 c6 2.e4 d5 3.exd5 cxd5 4.d4 dxc4 5.Bxc4 e6 6.Nf3 Nf6 7.O-O Be7 8.Nc3 O-O
9.Qe2 Nbd7 10.Rd1 Nb6 11.Bb3 Nbd5 12.Ne5 Bd7 13.Qf3 Be8 14.Bg5 Nxc3 15.bxc3 Qc7
16.c4 Nd7 17.Bf4 Nxe5 18.Bxe5 Qd7 19.d5 exd5 20.Qg3 f6 21.Rxd5 Qc8 22.Bd6 Bxd6
23.Rxd6 Kh8 24.Rad1 Bc6 25.Bc2 Qe8 26.Qh4 h6 27.h3 Qe5 28.Qg4 Qg5 29.Bg6 Qxg4
30.hxg4 Kg8 31.f3 Rac8 32.R1d4 Be8 33.Be4 Rc7 34.Rd8 g5 35.Ra8 Bf7 36.Rxa7 Rxc4
37.Rd7 Rc1+ 38.Kh2 Rb8 39.Bxb7 Ra1 40.Be4 Be6  1-0

[Event "4th OIBM"]
[Site "Bad Wiessee GER"]
[Date "2000.11.02"]
[Round "6"]
[White "Hansen,Vi"]
[Black "Christensen,N"]
[Result "1/2-1/2"]
[WhiteElo "2159"]
[BlackElo "2303"]

1.c4 c6 2.e4 d5 3.exd5 cxd5 4.d4 Nf6 5.Nc3 Nc6 6.Nf3 Bg4 7.cxd5 Nxd5 8.Bb5 Rc8
9.h3 Bxf3 10.Qxf3 e6 11.O-O Be7 12.Nxd5 Qxd5  1/2-1/2

[Event "34th Olympiad"]
[Site "Istanbul TUR"]
[Date "2000.11.02"]
[Round "6"]
[White "Miezis,N"]
[Black "Svetushkin,D"]
[Result "1/2-1/2"]
[WhiteElo "2518"]
[BlackElo "2472"]

1.c4 c6 2.e4 d5 3.cxd5 cxd5 4.exd5 Nf6 5.Qa4+ Nbd7 6.Nc3 g6 7.Nf3 a6 8.Be2 Bg7
9.d3 O-O 10.Qh4 Nb6 11.O-O Nbxd5 12.Bd2 Bf5 13.Nd4 Bd7 14.Nb3 Rc8 15.Rac1 Nxc3
16.bxc3 Bc6 17.c4 b5 18.Rfd1 Qd6 19.Be3 Ba8 20.Bf1 Rfd8 21.cxb5 axb5 22.Bc5 Qd7
23.Re1 e6 24.Bd4 Qe7 25.Bb6 Re8 26.Bc5 Qd7 27.Bd4 Rxc1 28.Rxc1 e5 29.Be3 Nd5
30.Bd2 h5 31.Nc5 Qa7 32.Ne4 Qxa2 33.Bg5 Qa3 34.Rc5 f5 35.Nd6 Qxc5 36.Nxe8 Qf8
37.Nxg7 Qxg7 38.Bc1 Qe7 39.Qg3 Kh7 40.Bb2 Nf4 41.Qe3 Nd5 42.Qe1 Nb4 43.f4 Qc5+
44.Kh1 Nc2 45.Qxe5 Qxe5 46.fxe5 Ne3 47.Kg1 b4 48.Bc1 Nd1 49.d4 b3 50.e6 Kg7
51.e7 Bc6 52.d5 Bd7 53.Bd2 Kf6 54.d6 Ke5 55.Bc4 b2 56.Ba2 Kd4 57.Bg5 Nc3
58.Bf6+ Kd3 59.Bxc3 Kxc3 60.Kf2 Kd4 61.Ke2 Ke5 62.Kd2 Kxd6 63.Kc2 Kxe7 64.Kxb2 Be6
65.Bb1 Bd5 66.g3 Be4 67.Ba2 Kf6 68.Kc3 Kg5 69.Kd4 Kg4 70.Bf7 g5 71.Ke3 h4
72.gxh4 Kxh4 73.Kf2 Kh3 74.Kg1 g4 75.Be6 f4 76.Bd7 Kh4 77.Kf2 Kg5 78.Bb5 Kh4
79.Bd7 Kg5 80.Bb5 Bf5 81.Bc6 Kh4 82.Kg2 Bc2 83.Bd5 Bd1 84.Be6 Bf3+ 85.Kf2 Kh3
86.Kg1  1/2-1/2

[Event "Chigorin Mem"]
[Site "St Petersburg RUS"]
[Date "2000.11.02"]
[Round "3"]
[White "Vaulin,A"]
[Black "Stjazhkina,O"]
[Result "1/2-1/2"]
[WhiteElo "2552"]
[BlackElo "2337"]

1.c4 c6 2.Nf3 d5 3.e3 Nf6 4.Nc3 e6 5.Qc2 Be7 6.d4 O-O 7.Bd3 dxc4 8.Bxc4 c5
9.O-O Nc6 10.Rd1 cxd4 11.exd4 Nb4 12.Qb3 h6 13.Ne5 a6 14.Be2 Nbd5 15.Bf3 Qd6
16.Nc4 Qc6 17.Nxd5 Nxd5 18.Bxd5 exd5 19.Nb6 Bf5 20.Nxd5 Bd6 21.Ne3 Be4 22.Bd2 Bf4
23.f3 Bxe3+ 24.Qxe3 Bd5 25.Rdc1 Qg6 26.Qf2 Rfe8 27.b3 Rad8 28.Bf4 Rc8 29.Qg3 Qxg3
30.hxg3 Rcd8 31.Kf2 Bc6 32.Be3 Rd7 33.Rc5 Bd5 34.Rac1 Red8 35.g4 f6 36.Bd2 Bc6
37.Ba5 Re8 38.Rd1 Bd5 39.Re1 Rxe1 40.Rc8+ Kf7 41.Bxe1 Bc6 42.Bc3 Bb5 43.f4 Ke6
44.f5+ Kd5 45.Kf3 Bc6 46.Kf4 Re7 47.Rd8+ Rd7 48.Rxd7+ Bxd7 49.Bb4 Kxd4 50.Bf8 g5+
51.fxg6 Kd5 52.g7 Be6 53.Be7 Kc6 54.Bxf6 Kd7 55.Ke5 Bg8 56.Bh4 Kc6 57.Be1 Kd7
58.Kf6 Ke8 59.Bd2 Kd7 60.Bxh6 Ke8 61.Bd2 Kd7 62.Ba5 Ke8 63.g5 Kd7 64.Bb6 Ke8
65.g3 Kd7 66.b4 Ke8 67.a4 Kd7 68.b5 axb5 69.axb5 Ke8 70.Bc5 Kd7 71.Bb4 Ke8
72.Ke5 Kd7 73.Kd4 Kc8 74.Ke5 Kd7 75.Ba3 Kc7  1/2-1/2

[Event "34th Olympiad Women"]
[Site "Istanbul TUR"]
[Date "2000.11.04"]
[Round "7"]
[White "Blanco Acevedo,M"]
[Black "Klink,T"]
[Result "1-0"]
[WhiteElo "2030"]
[BlackElo "2336"]

1.c4 c6 2.Nc3 d5 3.cxd5 cxd5 4.g3 Nc6 5.d3 d4 6.Ne4 e5 7.Bg2 f5 8.Nd2 Nf6
9.Ngf3 e4 10.dxe4 fxe4 11.Ng5 e3 12.Nc4 h6 13.Ne4 Nxe4 14.Bxe4 Bb4+ 15.Kf1 O-O
16.f3 Be6 17.Qd3 Rc8 18.Kg2 b5 19.Na3 Bxa3 20.bxa3 Bc4 21.Qd1 Qf6 22.Bb2 Rfd8
23.a4 b4 24.a3 b3 25.Rc1 Na5 26.Qe1 Qa6 27.Qb4 Rb8 28.Qc5 Bxe2 29.Bxd4 Qb6
30.Bd5+ Kh8 31.Qc3 Qg6 32.Qxa5 Bxf3+ 33.Bxf3 Rxd4 34.Qe5 Rd2+ 35.Kh3 Re8
36.Qf4 b2 37.Rce1 Qe6+ 38.Bg4 Qe7 39.Rhf1 Qxa3 40.Bh5 Red8 41.Rxe3 Qa2 42.Bg6 Rxh2+
43.Kg4 Rg8 44.Bb1 Qd5 45.Qf5 h5+ 46.Kg5 Qd8+ 47.Kg6 Qd2 48.Qf7 Qd6+ 49.Qe6 Qd8
50.Ba2 b1=Q+ 51.Bxb1 Rd2 52.Rh1 Rd5 53.Qxd5  1-0

[Event "Chigorin Mem"]
[Site "St Petersburg RUS"]
[Date "2000.11.05"]
[Round "5"]
[White "Maiorov,N"]
[Black "Timofeev,An"]
[Result "1-0"]
[WhiteElo "2211"]
[BlackElo "2359"]

1.c4 c6 2.d4 d5 3.Nf3 Nf6 4.Nc3 dxc4 5.a4 Bf5 6.e3 Na6 7.Bxc4 Nb4 8.O-O e6
9.Qe2 Be7 10.e4 Bg4 11.Be3 O-O 12.Rac1 Qa5 13.h3 Bh5 14.Bf4 Rfd8 15.Rfd1 Re8
16.g4 Bg6 17.Ne5 Rad8 18.h4 h6 19.Nxg6 fxg6 20.Bxe6+ Kh7 21.Bb3 Rf8 22.Bg3 Qb6
23.e5 Nfd5 24.Qe4 Kh8 25.Qxg6 Nf4 26.Bxf4 Rxf4 27.Ne2 Rf3 28.Rc3 Rff8 29.g5 c5
30.Qxb6 axb6 31.d5 Rf5 32.d6 Bf8 33.f4 Nc6 34.Be6 Nd4 35.Nxd4 Rxf4 36.Nf3 g6
37.Bb3 Bg7 38.Re3 Bf8 39.Kg2 hxg5 40.Nxg5 Bh6 41.e6 Bxg5 42.hxg5 Rg4+ 43.Rg3 Re4
44.e7  1-0

[Event "Chigorin Mem"]
[Site "St Petersburg RUS"]
[Date "2000.11.05"]
[Round "5"]
[White "Nureev,G"]
[Black "Burmakin,V"]
[Result "0-1"]
[WhiteElo "2421"]
[BlackElo "2538"]

1.c4 c6 2.b3 d5 3.Bb2 Nf6 4.g3 Bf5 5.Nf3 e6 6.d3 Bc5 7.Nbd2 Qb6 8.d4 Be7
9.Bg2 Nbd7 10.O-O Ne4 11.Nxe4 Bxe4 12.Nd2 Bxg2 13.Kxg2 O-O 14.e4 dxe4 15.Nxe4 Rfd8
16.d5 cxd5 17.cxd5 f5 18.Nc3 Nf6 19.Re1 Nxd5 20.Nxd5 Rxd5 21.Qxd5 exd5 22.Rxe7 Rc8
23.Rd1 Rc7 24.Re8+ Kf7 25.Re5 g6 26.Rexd5 Rc2 27.Bd4 Qc6  0-1

[Event "34th Olympiad Women"]
[Site "Istanbul TUR"]
[Date "2000.11.06"]
[Round "9"]
[White "Voiska,M"]
[Black "Zhukova,N"]
[Result "0-1"]
[WhiteElo "2330"]
[BlackElo "2450"]

1.c4 c6 2.Nf3 d5 3.e3 Bf5 4.Nc3 e6 5.b3 Nf6 6.Bb2 Bd6 7.cxd5 exd5 8.Nh4 Be6
9.Qc2 g6 10.f4 O-O 11.Nf3 c5 12.Nb5 Be7 13.Ng5 Bd7 14.Be2 Nc6 15.O-O a6 16.Nc3 Bf5
17.d3 d4 18.exd4 Nxd4 19.Qd2 Nxe2+ 20.Nxe2 Qxd3 21.Qxd3 Bxd3 22.Rfe1 c4 23.Nc1 Bc5+
24.Kh1 Ng4 25.Nxd3 cxd3 26.Ne4 Nf2+ 27.Nxf2 Bxf2 28.Rf1 Be3 29.Rf3 Rfe8 30.Be5 f6
31.Rxe3 fxe5 32.fxe5 d2 33.Rd1 Rac8 34.Rd3 Red8 35.Rxd8+ Rxd8 36.Kg1 Kf7
37.Kf2 Ke6 38.Ke3 Kxe5 39.b4 Rd4 40.a3 Kd5 41.Rxd2 Rxd2 42.Kxd2 Kd4 43.h3 Kc4
44.Kc2 g5 45.g3 h6 46.h4 gxh4 47.gxh4 h5 48.Kb2 b5 49.Kc2 Kd4 50.a4 Kc4 51.axb5 axb5
52.Kc1 Kxb4 53.Kb2 Kc4 54.Ka3 Kc3 55.Ka2 b4 56.Kb1 Kb3  0-1

[Event "34th Olympiad Women"]
[Site "Istanbul TUR"]
[Date "2000.11.07"]
[Round "10"]
[White "Ovezova,Mai"]
[Black "Coimbra,M"]
[Result "1/2-1/2"]
[WhiteElo "2174"]
[BlackElo "2043"]

1.c4 c6 2.g3 d5 3.cxd5 cxd5 4.d4 Nc6 5.Bg2 Nf6 6.Nf3 Bg4 7.Nc3 e6 8.Bf4 Bxf3
9.Bxf3 Qb6 10.O-O Nxd4 11.Qa4+ Nc6 12.Nb5 Rc8 13.Rac1 a6 14.Nd6+ Bxd6 15.Bxd6 Kd7
16.Ba3 Qb5 17.Qf4 Rcd8 18.e4 Ke8 19.exd5 Nxd5 20.Qg5 Rg8 21.Rfe1 Ndb4 22.Bxc6+ Nxc6
23.Qh4 f6 24.Rxe6+ Kf7 25.Rce1 h6 26.Qe4 Qd3 27.Qxd3 Rxd3 28.h4 h5 29.Kg2 Rgd8
30.R6e4 Ne5 31.Bc5 Rd2 32.R1e2 R8d5 33.Bb4 Rd1 34.Bc3 Nc6 35.a3 Rd7 36.g4 hxg4
37.Rxg4 Nd4 38.Re3 Nf5 39.Rf3 Nd4 40.Rfg3 Nf5 41.Rf3 Nd4 42.Rfg3  1/2-1/2

[Event "34th Olympiad Women"]
[Site "Istanbul TUR"]
[Date "2000.11.10"]
[Round "13"]
[White "Reizniece,D"]
[Black "Skripchenko,A"]
[Result "1/2-1/2"]
[WhiteElo "2275"]
[BlackElo "2450"]

1.c4 c6 2.Nf3 d5 3.g3 Nf6 4.Bg2 g6 5.b3 Bg7 6.Bb2 O-O 7.O-O Bg4 8.Qc2 Nbd7
9.d3 Rc8 10.h3 Bxf3 11.Bxf3 e5 12.e3 Re8 13.Nc3 Nf8 14.Rad1 h5 15.Bg2 Ne6
16.Ne2  1/2-1/2

[Event "34th Olympiad"]
[Site "Istanbul TUR"]
[Date "2000.11.10"]
[Round "13"]
[White "Quinn,M"]
[Black "Rytshagov,M"]
[Result "1-0"]
[WhiteElo "2381"]
[BlackElo "2529"]

1.c4 c6 2.d4 d5 3.Nf3 Nf6 4.Nc3 e6 5.Bg5 h6 6.Bh4 dxc4 7.e4 g5 8.Bg3 b5 9.Be2 Bb7
10.h4 g4 11.Ne5 Rg8 12.O-O Nbd7 13.Nxg4 b4 14.Na4 Nxe4 15.Bxc4 h5 16.Ne3 Ndf6
17.Be5 Be7 18.Qe2 Qa5 19.Bb3 Kf8 20.Rfc1 Qb5 21.Qc2 Rc8 22.f3 Nd6 23.Nc5 Ba8
24.a3 Nb7 25.Bc4 Qa5 26.axb4 Qxb4 27.Bxf6 Bxf6 28.Ra4 Bxd4 29.Rxb4 Bxe3+
30.Kf1 Nxc5 31.Re1 a5 32.Rxe3 axb4 33.Qd2 Nb7 34.Qxb4+ c5 35.Qb6 Rd8 36.Rd3 Kg7
37.Rxd8 Rxd8 38.Ba6 Rd6 39.Qb5 Nd8 40.Qxc5 Rd5 41.Qc3+ Kg8 42.Bc4 Rd1+ 43.Ke2 Rd7
44.Qf6 Nc6 45.Qg5+ Kf8 46.Qxh5 Nd4+ 47.Kf2 Bc6 48.Qc5+ Kg7 49.h5 f6 50.Bxe6 Nxe6
51.Qxc6 Rd2+ 52.Kg3  1-0

[Event "Chigorin Mem"]
[Site "St Petersburg RUS"]
[Date "2000.11.10"]
[Round "9"]
[White "Vaulin,A"]
[Black "Rusanov,M"]
[Result "1-0"]
[WhiteElo "2552"]
[BlackElo "2405"]

1.c4 c6 2.e4 e5 3.Nf3 d6 4.d4 Nd7 5.Nc3 Ngf6 6.g3 Be7 7.Bg2 O-O 8.O-O a6
9.h3 b5 10.c5 dxc5 11.dxe5 Ne8 12.Be3 Nc7 13.Qc2 Ne6 14.Rad1 Bb7 15.Nh4 Bxh4
16.gxh4 Bc8 17.f4 Qxh4 18.Ne2 c4 19.b3 cxb3 20.Qxc6 Rb8 21.axb3 Rd8 22.Qd6 Bb7
23.Qb4 Ndf8 24.Rd6 Re8 25.Qd2 h6 26.Bf2 Qe7 27.Ng3 g6 28.f5 Nd8 29.Qxh6 Nh7
30.fxg6 fxg6 31.Rxg6+ Kh8 32.Nf5  1-0

[Event "34th Olympiad"]
[Site "Istanbul TUR"]
[Date "2000.11.12"]
[Round "14"]
[White "Patriarca,L"]
[Black "Mosquera,M"]
[Result "1/2-1/2"]
[WhiteElo "2307"]
[BlackElo "2333"]

1.c4 c6 2.e4 d5 3.cxd5 cxd5 4.exd5 Nf6 5.Nc3 Nxd5 6.Bc4 Nb6 7.Bb3 Nc6 8.Nf3 Bf5
9.d4 e6 10.O-O Be7 11.d5 exd5 12.Nxd5 Nxd5 13.Bxd5 O-O 14.Be3 Nb4 15.Bb3 b6
16.a3 Nc6 17.Rc1 Rc8 18.Qxd8 Rfxd8 19.Bxf7+ Kxf7 20.Rxc6 Bf6 21.Rxc8 Rxc8
22.Nd4 Bd7 23.h3 a5 24.Rd1 Ke7 25.g4 g6 26.Kg2 b5 27.Rd2 h5 28.f3 hxg4 29.hxg4 Bxd4
30.Bxd4 Rc4 31.Bb6 a4 32.Ba5 Be6 33.Bb4+ Kf7 34.Kg3 Rc1 35.Rd8 Rc2 36.Rf8+ Kg7
37.Rb8 Bc4 38.Bc3+ Kf7 39.Rb7+ Kf8 40.Rb6 Kf7 41.Rf6+ Kg7 42.Rb6+ Kf7 43.Kf4 Rf2
44.Rf6+ Ke7 45.Rxg6 Bd5 46.g5 Rxf3+ 47.Ke5 Bc4 48.Rg7+ Rf7 49.Bb4+ Kd7 50.Rg6 Rf2
51.Bc3 Re2+ 52.Kd4 Re6 53.Rh6 Rd6+ 54.Ke5 Re6+ 55.Rxe6 Bxe6 56.g6 Bc4 57.Bb4 Ke8
58.Kf6 Bd3 59.Kg7 Be4 60.Kf6 Bd3  1/2-1/2

[Event "FSIM November"]
[Site "Budapest HUN"]
[Date "2000.11.14"]
[Round "11"]
[White "Bordas,G"]
[Black "Dudas,Jano"]
[Result "0-1"]
[WhiteElo "2186"]
[BlackElo "2338"]

1.c4 c6 2.e4 d5 3.cxd5 cxd5 4.exd5 Nf6 5.Nc3 g6 6.Nf3 Bg7 7.Bb5+ Nbd7 8.d6 e6
9.O-O O-O 10.d4 Nb6 11.Bg5 Qxd6 12.Qd2 Nbd5 13.Bh6 b6 14.Bxg7 Kxg7 15.Nxd5 Qxd5
16.Qe2 Bb7 17.Ba6 Qe4 18.Qxe4 Bxe4 19.Ne5 Rad8 20.Rfd1 Ba8 21.Rac1 Nd5 22.Rd2 Rd6
23.Nc4 Rc6 24.Bb5 Rc7 25.a3 Bb7 26.Rdc2 Rd8 27.Ne5 Rxc2 28.Rxc2 a6 29.Bf1 f6
30.Nd3 Rd7 31.g3 Kf7 32.Bg2 Ke7 33.Kf1 a5 34.Ke2 Ba6 35.Rd2 Nc7 36.Ke3 Kd8
37.Nf4 g5 38.Ne2 Re7 39.Nc3 Bc4 40.Na4 Nd5+ 41.Bxd5 exd5+ 42.Kf3 Kc7 43.Nc3 h5
44.g4 h4 45.Nd1 Re1 46.Ne3 Kd6 47.Nf5+ Kd7 48.Kg2 Bf1+ 49.Kf3 Re4 50.Ne3 Rf4+  0-1

[Event "Scaccomatto"]
[Site "Torino ITA"]
[Date "2000.11.18"]
[Round "1"]
[White "Quinn,M"]
[Black "Scarenzio,R"]
[Result "1-0"]
[WhiteElo "2381"]
[BlackElo "2024"]

1.c4 c6 2.Nf3 d5 3.d4 Nf6 4.Qb3 e6 5.Bg5 Nbd7 6.e3 Qa5+ 7.Nc3 Ne4 8.Bf4 Bb4
9.Rc1 O-O 10.Bd3 Ndf6 11.O-O dxc4 12.Bxc4 Bxc3 13.bxc3 Nd5 14.Be5 Ndxc3 15.Bd3 f6
16.Bf4 Rd8 17.Rc2 g5 18.Bg3 g4 19.Nh4 Nxg3 20.fxg3 Nd5 21.e4 Ne3 22.Rc5 Qd2
23.Rxf6 Kg7 24.Rf2 Qe1+ 25.Bf1 Nxf1 26.Rxf1 Qxe4 27.Qc3 Qxd4+ 28.Qxd4+ Rxd4
29.Rg5+ Kh6 30.Rg8 Rd7 31.h3 Rd5 32.Rf6+ Kh5 33.hxg4+  1-0

[Event "Czech Extra League 2000-1"]
[Site "CZE"]
[Date "2000.11.19"]
[Round "2"]
[White "Hausner,I"]
[Black "Meduna,E"]
[Result "1-0"]
[WhiteElo "2412"]
[BlackElo "2482"]

1.c4 c6 2.Nc3 d5 3.cxd5 cxd5 4.d4 Nf6 5.Bf4 Nc6 6.e3 Bg4 7.Qb3 Na5 8.Bb5+ Bd7
9.Qa4 e6 10.Nf3 a6 11.Bxd7+ Nxd7 12.O-O b5 13.Qc2 Rc8 14.Qe2 Be7 15.e4 Nf6
16.e5 Nd7 17.Rad1 O-O 18.Rd3 Re8 19.Ne1 Nf8 20.Qh5 Nc6 21.Nf3 Ng6 22.Bc1 Nb4
23.Rdd1 Rc4 24.Ng5 Bxg5 25.Bxg5 Qc7 26.Rd2 Nc6 27.Be3 Nce7 28.g4 Rf8 29.f4 Rxc3
30.bxc3 Qxc3 31.Qh3 f5 32.exf6 Rxf6 33.Qg3 h5 34.h3 h4 35.Qe1 Rf8 36.Rff2 Qc7
37.Rg2 Qd6 38.Qd1 b4 39.Qc1 Rc8 40.Rc2 Rf8 41.Rc7 b3 42.axb3 Rb8 43.Rc3 Nf8
44.Kh1 Nd7 45.f5 e5 46.Qe1 Rb4 47.Qxh4 Nf6 48.g5 Ne4 49.f6  1-0

[Event "Tenkes Kupa"]
[Site "Harkany HUN"]
[Date "2000.11.19"]
[Round "4"]
[White "Fasser,W"]
[Black "Waller,H"]
[Result "0-1"]
[WhiteElo "2047"]
[BlackElo "2212"]

1.c4 c6 2.d4 d5 3.e3 Nf6 4.Nc3 Bf5 5.Nf3 e6 6.Be2 Nbd7 7.O-O Bd6 8.b3 h6
9.a4 Qe7 10.Bb2 O-O 11.Rc1 a5 12.Re1 Bb4 13.Bd3 Bg4 14.Be2 Ne4 15.Nd2 Bxe2
16.Rxe2 f5 17.f3 Nxd2 18.Qxd2 Qh4 19.Qd3 Bd6 20.f4 Nf6 21.Qd1 g5 22.g3 Qh5
23.c5 Bc7 24.Rg2 g4 25.Ba3 Qe8 26.Rb1 Rf7 27.Rgb2 Qc8 28.Qd3 Kg7 29.Qf1 h5
30.Ra2 Kg6 31.b4 axb4 32.Bxb4 Rh7 33.a5 h4 34.Rba1 Ra6 35.Qg2 hxg3 36.hxg3 Qh8
37.Ne2 Ne4 38.Be1 Qa8 39.Bb4 Rh3 40.Be1 Qh8 41.Rb1 Ra7 42.Rba1 Qh7 43.a6 b5
44.cxb6 Bxb6 45.Nc3 Ra8 46.Nxe4 dxe4 47.Rb1 Rh8 48.Rxb6 Rh1+ 49.Kf2 Rh2 50.Kg1 Rh1+
51.Kf2 Rh2  0-1

[Event "Scaccomatto"]
[Site "Torino ITA"]
[Date "2000.11.22"]
[Round "5"]
[White "Sarno,S"]
[Black "Lazic,Mi"]
[Result "0-1"]
[WhiteElo "2409"]
[BlackElo "2470"]

1.c4 c6 2.Nf3 d5 3.b3 Bg4 4.Bb2 e6 5.g3 Nd7 6.Bg2 Ngf6 7.O-O Be7 8.d3 O-O
9.Nbd2 a5 10.a3 Re8 11.h3 Bxf3 12.Nxf3 Bf8 13.Ne5 Nxe5 14.Bxe5 Nd7 15.Bc3 Qb6
16.Qc2 Be7 17.Qb2 Bf6 18.Bxf6 Nxf6 19.b4 Ra7 20.Rfb1 axb4 21.axb4 Rea8 22.c5 Qd8
23.Rxa7 Rxa7 24.b5 Nd7 25.d4 g6 26.Qd2 Qf6 27.Qf4 Qxf4 28.gxf4 Kf8 29.e3 Ke7
30.Bf3 f6 31.Kg2 h5 32.Kg3 Ra2 33.Bd1 e5 34.f5 gxf5 35.Bxh5 Rd2 36.bxc6 bxc6
37.Rd1 f4+ 38.exf4 Rxd4 39.fxe5 fxe5 40.Rxd4 exd4 41.Kf4 Nxc5 42.Ke5 d3 43.f4 Ne4
44.Bf3 d2 45.f5 Nc3 46.f6+ Kf8 47.Kd6 d4  0-1

[Event "Scaccomatto"]
[Site "Torino ITA"]
[Date "2000.11.23"]
[Round "6"]
[White "Van Hoolandt,P"]
[Black "Scarenzio,R"]
[Result "0-1"]
[WhiteElo "2169"]
[BlackElo "2024"]

1.c4 c6 2.Nf3 d5 3.b3 Nf6 4.g3 Bg4 5.Bg2 e6 6.Bb2 Nbd7 7.O-O Be7 8.d3 O-O
9.Nbd2 a5 10.a3 Re8 11.Qc2 e5 12.h3 Bh5 13.g4 e4 14.dxe4 dxe4 15.gxh5 exf3
16.Bxf3 a4 17.b4 Qc7 18.Qc3 Qf4 19.Ne4 Bd8 20.Rfd1 Ne5 21.Rd4 Nxf3+ 22.exf3 Bc7
23.Ng3 Qe5 24.f4 Qe6 25.Kg2 c5 26.Re4 cxb4 27.axb4 Qc6 28.b5 Qd6 29.Rae1 Red8
30.h6 Ba5 31.Qf3 Nxe4 32.Nf5 Qg6+ 33.Qg4 Qxg4+ 34.hxg4 Bxe1 35.hxg7 Bc3  0-1

[Event "TCh-SVK"]
[Site "SVK"]
[Date "2000.11.25"]
[Round "3"]
[White "Balogh,M"]
[Black "Kaniansky,M"]
[Result "1-0"]
[WhiteElo "2248"]
[BlackElo "2189"]

1.c4 c6 2.d4 d5 3.Nc3 Nf6 4.Nf3 dxc4 5.e4 b5 6.Ne5 Bb7 7.Be2 e6 8.Bg5 Be7
9.Bxf6 Bxf6 10.Nf3 Nd7 11.O-O Nb6 12.b3 b4 13.bxc4 bxc3 14.c5 Nd7 15.e5 Be7
16.Qb3 Qc7 17.Rab1 Rb8 18.Qxc3 O-O 19.Bc4 Ba8 20.Rbd1 Qb7 21.Nd2 Qb2 22.Qd3 Nxe5
23.dxe5 Qxe5 24.Rde1 Qxc5 25.Ne4 Qf5 26.Qd7 Rb7 27.Qd1 Rd8 28.Qc1 Rbd7 29.Ng3 Qg6
30.Re2 c5 31.f4 Bd5 32.f5 Qg5 33.Qc2 Bf6 34.fxe6 Bd4+ 35.Kh1 fxe6 36.Rxe6 Bxc4
37.Qxc4 Qd5 38.Qe2 Bf6 39.Nh5 Rd6 40.Re8+ Kf7 41.Qe7+ Kg6 42.Nxf6 gxf6 43.Rxd8  1-0

[Event "Scaccomatto"]
[Site "Torino ITA"]
[Date "2000.11.25"]
[Round "8"]
[White "Van Hoolandt,P"]
[Black "Saccona,S"]
[Result "1-0"]
[WhiteElo "2169"]
[BlackElo "2113"]

1.c4 c6 2.Nf3 Nf6 3.g3 g6 4.b3 Bg7 5.Bb2 O-O 6.Bg2 d6 7.d3 Na6 8.Nbd2 e5
9.O-O Re8 10.Rc1 c5 11.a3 Rb8 12.h3 Bd7 13.e3 Bc6 14.d4 cxd4 15.exd4 e4 16.Ne1 e3
17.fxe3 Rxe3 18.d5 Bd7 19.Rf3 Qe7 20.Bd4 Rxf3 21.Qxf3 b6 22.Nc2 Re8 23.Re1 Qd8
24.Rf1 Nh5 25.g4 Qe7 26.gxh5 Bxd4+ 27.Nxd4 Qe3+ 28.Qxe3 Rxe3 29.hxg6 hxg6
30.Rf3 Re1+ 31.Kf2 Rd1 32.Ke2 Rg1 33.Bf1 Rg5 34.Ne4 Re5 35.Re3  1-0

[Event "Autumn Cup GM"]
[Site "Bucharest ROM"]
[Date "2000.11.30"]
[Round "10"]
[White "Istratescu,A"]
[Black "Itkis,B"]
[Result "0-1"]
[WhiteElo "2578"]
[BlackElo "2384"]

1.c4 c6 2.d4 d5 3.Nf3 Nf6 4.Qb3 dxc4 5.Qxc4 Bf5 6.g3 e6 7.Bg2 Nbd7 8.O-O Be7
9.Nc3 O-O 10.e3 b5 11.Qe2 b4 12.Na4 Qa5 13.b3 Qb5 14.Re1 Rac8 15.a3 Qxe2
16.Rxe2 a5 17.axb4 Bxb4 18.Ba3 Bxa3 19.Rxa3 c5 20.Re1 Be4 21.h3 cxd4 22.Nxd4 e5
23.Nf3 Rc2 24.Rd1 Bxf3 25.Bxf3 e4 26.Bg2 h5 27.Raa1 Rb8 28.Rab1 Ne5 29.Rd4 Nd3
30.Rf1 Rxb3 31.Bxe4 Nxe4 32.Rxe4 Ra3 33.Rd4 Ne5 34.Kg2 Nc4  0-1

[Event "1st It"]
[Site "Odivelas POR"]
[Date "2000.11.30"]
[Round "3"]
[White "Fernando,D"]
[Black "Leite,C"]
[Result "1-0"]
[WhiteElo "2257"]
[BlackElo "2089"]

1.c4 c6 2.e4 e5 3.Nf3 d6 4.d4 Nd7 5.Nc3 g6 6.Be2 Bg7 7.O-O Ngf6 8.d5 c5 9.a3 a6
10.b4 b6 11.Rb1 O-O 12.Re1 Nh5 13.Bf1 h6 14.Nd2 Qe8 15.bxc5 bxc5 16.Qa4 f5
17.Nb5 Qe7 18.Nc7 Rb8 19.Ne6 Rxb1 20.Nxb1 Nb6 21.Qc6 Bxe6 22.dxe6 Rb8 23.Nc3 Nf6
24.Nd5 Nbxd5 25.exd5 Ne8 26.Qxa6 Qb7 27.Qxb7 Rxb7 28.g3 Kf8 29.Be3 Ra7 30.Ra1 Ra4
31.Bc1 Nf6 32.Rb1 Ra7 33.Rb8+ Ke7 34.f3 e4 35.Be2 Ne8 36.Kg2 Nf6 37.Bf4 Ne8
38.Bc1 Nf6 39.Bb2 g5 40.fxe4 fxe4 41.Bc1 Ne8 42.Bg4 Bd4 43.Bf5 Nf6 44.Rb3 Kd8
45.h4 gxh4 46.Bf4 Kc7 47.gxh4 h5 48.Bg5 Ra8 49.Kf1 Rf8 50.e7 Re8 51.Bd2 Ra8
52.Rb5  1-0

[Event "Open"]
[Site "Mallorca ESP"]
[Date "2000.12.03"]
[Round "2"]
[White "Franco Ocampos,Z"]
[Black "Galiana,J"]
[Result "1-0"]
[WhiteElo "2512"]
[BlackElo "2233"]

1.c4 c6 2.e4 e6 3.Nc3 d5 4.d4 Nf6 5.e5 Nfd7 6.Nf3 Be7 7.Bd3 dxc4 8.Bxc4 Nb6
9.Bd3 Nd5 10.O-O b6 11.Re1 Bb7 12.Ne4 h6 13.a3 Qd7 14.Nfd2 Nf4 15.Nc4 Nxd3
16.Ncd6+ Kf8 17.Qxd3 f5 18.exf6 Bxd6 19.Nxd6 Qxd6 20.Qg6  1-0

[Event "Open"]
[Site "Mallorca ESP"]
[Date "2000.12.10"]
[Round "9"]
[White "Suba,M"]
[Black "Barcelo,P"]
[Result "1-0"]
[WhiteElo "2487"]
[BlackElo "2243"]

1.c4 c6 2.e4 d5 3.exd5 cxd5 4.d4 Nf6 5.Nc3 e6 6.Nf3 Be7 7.cxd5 Nxd5 8.Bd3 O-O
9.O-O Nc6 10.Re1 Nf6 11.a3 b6 12.Bb1 Bb7 13.Qd3 g6 14.Ba2 Re8 15.h3 Qd7 16.Bh6 Bf8
17.Bxf8 Kxf8 18.Rad1 Rad8 19.Qe3 Kg7 20.Ne5 Qe7 21.Nxc6 Bxc6 22.d5 Ba8 23.Qe5 Kf8
24.Ne4 Ng8 25.Ng5  1-0

[Event "FSGM December"]
[Site "Budapest HUN"]
[Date "2000.12.12"]
[Round "10"]
[White "Berkes,F"]
[Black "Varga,Zo"]
[Result "1/2-1/2"]
[WhiteElo "2372"]
[BlackElo "2541"]

1.c4 c6 2.Nf3 d5 3.e3 Nf6 4.Nc3 a6 5.d4 b5 6.cxb5 cxb5 7.Bd3 Bg4 8.Ne2 Bxf3
9.gxf3 e6 10.a4 b4 11.a5 Be7 12.Bd2 Qd7 13.Qa4 Qxa4 14.Rxa4 Nc6 15.Nc1 Kd7
16.Ke2 Rhb8 17.Nb3 Ne8 18.Rc1 Nc7 19.Rc2 Nb5 20.Ra1 Ra7 21.Rac1 Rc7 22.Nc5+ Bxc5
23.Rxc5 Rbb7 24.Kd1 g6 25.h3 h5 26.Be1 g5 27.Bd2 f5 28.Be1 h4 29.Bd2 Rb8
30.Be2 Nd6 31.Bxa6 g4 32.fxg4 fxg4 33.Bd3 gxh3 34.Ke2 Nb7 35.Rxc6 Rxc6 36.Bb5 Nxa5
37.Bxc6+ Nxc6 38.Rh1 Ne7 39.Rxh3 Nf5 40.f3 Rg8 41.Kf2 Rc8 42.e4 Nxd4 43.Bxb4 Rc4
44.Bc3 Nb5 45.Rxh4 Nxc3 46.bxc3 Rxc3 47.exd5 exd5 48.Rh6 Rc6  1/2-1/2

[Event "Open"]
[Site "Zadar CRO"]
[Date "2000.12.12"]
[Round "4"]
[White "Vaulin,A"]
[Black "Gagarin,V"]
[Result "1/2-1/2"]
[WhiteElo "2552"]
[BlackElo "2395"]

1.c4 c6 2.Nf3 d5 3.e3 Nf6 4.Nc3 e6 5.Qc2 Nbd7 6.b3 Bd6 7.Bb2 O-O 8.d4 e5
9.cxd5 cxd5 10.dxe5 Nxe5 11.Be2 Re8 12.O-O Bg4 13.Qd1 Nxf3+ 14.Bxf3 Bxf3
15.Qxf3 Be5 16.Rab1 Rc8 17.Nb5 Ne4 18.Bxe5 Rxe5 19.Rbc1 a6 20.Qg4 Re8 21.Nd4 g6
22.Qxc8 Qxc8 23.Rxc8 Rxc8 24.f3 Nf6 25.Kf2 Kf8 26.Ke2 h5 27.Kd3  1/2-1/2

[Event "Open"]
[Site "Zadar CRO"]
[Date "2000.12.13"]
[Round "5"]
[White "Kovacevic,B"]
[Black "Goloshchapov,A"]
[Result "0-1"]
[WhiteElo "2443"]
[BlackElo "2526"]

1.c4 c6 2.Nf3 d5 3.e3 e6 4.d4 f5 5.Bd3 Nf6 6.O-O Bd6 7.b3 Qe7 8.Bb2 O-O 9.Qc1 Nbd7
10.Ba3 c5 11.Nc3 dxc4 12.bxc4 b6 13.e4 cxd4 14.Bxd6 Qxd6 15.Nb5 Qb8 16.exf5 e5
17.Qc2 Nc5 18.Nd2 a6 19.Na3 Nh5 20.Rfe1 Nxd3 21.Qxd3 Nf4 22.Qb3 Kh8 23.Nf3 Rxf5
24.Nxd4 Rg5 25.g3 Bb7 26.Nf3 Nh3+ 27.Kf1 Rf5 28.Re3 Qf8 29.Ke2 e4 30.Ne1 Rd8
31.f4 exf3+ 32.Kf1 Rd2  0-1

[Event "Belgian Interteams 2000-1"]
[Site "BEL"]
[Date "2000.12.17"]
[Round "5"]
[White "Cekro,E"]
[Black "Vanderstricht,G"]
[Result "0-1"]
[WhiteElo "2390"]
[BlackElo "2369"]

1.c4 c6 2.b3 d5 3.Bb2 Bg4 4.d3 e6 5.Nd2 Nd7 6.Ngf3 a5 7.a3 Ngf6 8.g3 Bd6
9.Bg2 O-O 10.O-O Re8 11.Qc2 e5 12.e4 Rc8 13.h3 Bh5 14.Nh4 b5 15.Rae1 Nc5
16.Nf5 dxe4 17.Nxe4 Nfxe4 18.dxe4 Bf8 19.g4 Qd3 20.Qc3 Bg6 21.Rb1 Rcd8 22.cxb5 Qxb5
23.a4 Qxb3 24.Qxa5 Qxa4 25.Qxa4 Nxa4 26.Ba1 f6 27.Rbc1 Nc5 28.Rc2 Rd3 29.Bb2 Rb3
30.Bc1 Rc8 31.g5 Nd3 32.gxf6 gxf6 33.Be3 c5 34.Rd1 Nb4 35.Rcc1 c4 36.Nd6 Bxd6
37.Rxd6 c3 38.Rb6 c2 39.Kf1 Bf7 40.h4 Na2 41.Rxb3  0-1